000 00709nam a2200217Ii 4500
003 JO-AjNU
008 230605s9999||||xx |||||||||||||| ||und||
017 _a1997/14096
020 _a977-05-1585
040 _aJO-AjNU
_bara
_erda
_cJO-AjNU
041 _aara
050 1 4 _aHC498.9.1997
100 3 _aصالح،سامية خضر,
_eauthor
_918569
245 0 0 _aالسلطة والفقر بين المواجهة والاستسلام:دراسة تطبيقية على عينة من المتسولين
264 3 1 _aد.م:المؤلفة،1997
300 _a207ص
336 _atext
_btxt
_2rdacontent
337 _aunmediated
_bn
_2rdamedia
338 _avolume
_bnc
_2rdacarrier
650 4 _aالفقر
_918570
999 _aA5964
_c9532
_d9532